| Tag |
First Indicator |
Second Indicator |
Subfields |
| LEADER |
00000cam a2200000 a 4500 |
| 001 |
in00001224921 |
| 005 |
20151003050807.0 |
| 007 |
he bmb024bbca |
| 008 |
941213s1993 dcua bb f000 0 eng d |
| 010 |
|
|
|a gp 95059165
|
| 035 |
|
|
|a (OCoLC)31686359
|
| 035 |
|
|
|9 AGR0857AM
|
| 040 |
|
|
|a GPO
|c GPO
|d DLC
|d UtOrBLW
|
| 043 |
|
|
|a n-us---
|
| 074 |
|
|
|a 1089 (MF)
|
| 086 |
0 |
|
|a Y 3.2:J 89/R 31/V.1-
|
| 245 |
0 |
0 |
|a Research papers of the National Commission on Judicial Discipline & Removal.
|
| 264 |
|
1 |
|a [Washington, D.C.?] :
|b [The Commission],
|c [1993]
|
| 300 |
|
|
|a 2 volumes (1786 pages) :
|b illustrations ;
|c 26 cm.
|
| 336 |
|
|
|a text
|b txt
|2 rdacontent
|
| 337 |
|
|
|a microform
|b h
|2 rdamedia
|
| 338 |
|
|
|a microfiche
|b he
|2 rdacarrier
|
| 500 |
|
|
|a Distributed to depository libraries in microfiche.
|
| 500 |
|
|
|a Shipping list number: 94-0764-M (volume 1).
|
| 504 |
|
|
|a Includes bibliographical references.
|
| 533 |
|
|
|a Microfiche.
|b [Washington, D.C.?] :
|c Supt. of Docs., U.S. G.P.O.,
|d [1994-
|e <11> microfiches : negative.
|
| 500 |
|
|
|a Microform.
|
| 610 |
2 |
0 |
|a National Commission on Judicial Discipline & Removal (U.S.)
|
| 650 |
|
0 |
|a Judges
|z United States
|x Discipline.
|
| 650 |
|
0 |
|a Judges
|x Dismissal of
|z United States.
|
| 650 |
|
0 |
|a Judicial ethics
|z United States.
|
| 650 |
|
0 |
|a Impeachments
|z United States.
|
| 710 |
2 |
|
|a National Commission on Judicial Discipline & Removal (U.S.)
|
| 999 |
|
|
|a MARS
|
| 999 |
f |
f |
|s bb63e214-dd5d-30a2-a8ba-3176faad0cbd
|i 9e36322f-f1d7-31a6-ac83-1b2532acd52a
|t 0
|
| 952 |
f |
f |
|p normal
|a Texas A&M University
|b College Station
|c Sterling C. Evans Library
|d Evans: US Documents (Annex 5th floor)
|t 0
|e Y 3.2:J 89/R 31/V.1-
|h Superintendent of Documents classification
|i microform -- microfiche
|k v.1
|m A14818639917
|
| 998 |
f |
f |
|a Y 3.2:J 89/R 31/V.1-
|t 0
|l Evans: US Documents (Annex 5th floor)
|